Statistics for Athlete to Sport

Click here to take the quiz!

General Stats

  • This quiz has been taken 146 times
  • The average score is 9 of 16

Answer Stats

AthleteSport% Correct
Tiger WoodsGolf
93%
Mike TysonBoxing
90%
Zlatan IbrahimovicFootball
86%
Wayne GretzkyIce Hockey
83%
Dennis RodmanBasketball
81%
O.J.SimpsonAmerican Football
71%
Martina NavratilovaTennis
65%
Ayrton SennaFormula 1 racing
57%
Tonya HardingFigure skating
56%
Barry BondsBaseball
49%
Ma LongTable Tennis
42%
Johnny WeissmullerSwimming
39%
Jari KurriIce Hockey
30%
Fausto CoppiCycling
20%
Jan ŽeleznýJavelin
15%
Yelena VälbeCross country skiing
13%

Score Distribution

Percentile by Number Answered

Percent of People with Each Score

Your Score History

You have not taken this quiz